<?xml version="1.0" encoding="UTF-8"?>
<record
    xmlns:xsi="http://www.w3.org/2001/XMLSchema-instance"
    xsi:schemaLocation="http://www.loc.gov/MARC21/slim http://www.loc.gov/standards/marcxml/schema/MARC21slim.xsd"
    xmlns="http://www.loc.gov/MARC21/slim">

  <leader>01854cam a22002533a 4500</leader>
  <controlfield tag="001">7838</controlfield>
  <controlfield tag="003">PGUSA</controlfield>
  <controlfield tag="005">20140828083149.0</controlfield>
  <controlfield tag="008">050401s2005||||xxu|||||s|||||000 1 eng d</controlfield>
  <datafield tag="040" ind1=" " ind2=" ">
    <subfield code="a">PGUSA</subfield>
    <subfield code="b">eng</subfield>
  </datafield>
  <datafield tag="042" ind1=" " ind2=" ">
    <subfield code="a">dc</subfield>
  </datafield>
  <datafield tag="050" ind1=" " ind2="4">
    <subfield code="a">PR</subfield>
  </datafield>
  <datafield tag="100" ind1="1" ind2=" ">
    <subfield code="a">Dunsany, Edward John Moreton Drax Plunkett, Baron,</subfield>
    <subfield code="d">1878-1957</subfield>
  </datafield>
  <datafield tag="245" ind1="1" ind2="0">
    <subfield code="a">Fifty-One Tales</subfield>
    <subfield code="h">[electronic resource] /</subfield>
    <subfield code="c">Edward John Moreton Drax Plunkett, Baron Dunsany</subfield>
  </datafield>
  <datafield tag="260" ind1=" " ind2=" ">
    <subfield code="b">Project Gutenberg,</subfield>
    <subfield code="c">2005</subfield>
  </datafield>
  <datafield tag="505" ind1="0" ind2=" ">
    <subfield code="a">The assignation -- Charon -- The death of Pan -- The sphinx at Gizeh -- The hen -- Wind and fog -- The raft-builders -- The workman -- The guest -- Death and Odysseus -- Death and the orange -- The prayer of the flowers -- Time and the tradesman -- The little city -- The unpasturable fields -- The worm and the angel -- The songless country -- The latest thing -- The demagogue and the demi-monde -- The giant poppy -- Roses -- The man with the golden ear-rings -- The dream of king Karna-Vootra -- The storm -- A mistaken identity -- True history of the hare and the tortoise -- Alone the immortals -- A moral little tale -- The return of song -- Spring in town -- How the enemy came to Thlunrana -- A losing game -- Taking up Piccadilly -- After the fire -- The city -- The food of death -- The lonely idol -- The sphinx in Thebes (Massachusetts) -- The reward -- The trouble in Leafy Green Street -- The mist -- Furrow-maker -- Lobster salad -- The return of the exiles -- Nature and time -- The song of the blackbird -- The messengers -- The three tall sons -- Compromise -- What we have come to -- The tomb of Pan.</subfield>
  </datafield>
  <datafield tag="506" ind1=" " ind2=" ">
    <subfield code="a">Public domain in the USA.</subfield>
  </datafield>
  <datafield tag="516" ind1=" " ind2=" ">
    <subfield code="a">Electronic text</subfield>
  </datafield>
  <datafield tag="653" ind1=" " ind2=" ">
    <subfield code="a">Fantasy fiction, English</subfield>
  </datafield>
  <datafield tag="740" ind1="0" ind2=" ">
    <subfield code="a">51 Tales</subfield>
  </datafield>
  <datafield tag="830" ind1=" " ind2="0">
    <subfield code="a">Project Gutenberg</subfield>
    <subfield code="v">7838</subfield>
  </datafield>
  <datafield tag="856" ind1="4" ind2="0">
    <subfield code="u">http://www.gutenberg.org/ebooks/7838</subfield>
  </datafield>
  <datafield tag="942" ind1=" " ind2=" ">
    <subfield code="c">EB</subfield>
  </datafield>
  <datafield tag="999" ind1=" " ind2=" ">
    <subfield code="c">237138</subfield>
    <subfield code="d">237138</subfield>
  </datafield>
  <datafield tag="952" ind1=" " ind2=" ">
    <subfield code="0">0</subfield>
    <subfield code="1">0</subfield>
    <subfield code="4">0</subfield>
    <subfield code="a">GTB</subfield>
    <subfield code="b">GTB</subfield>
    <subfield code="d">2014-08-28</subfield>
    <subfield code="l">0</subfield>
    <subfield code="r">2014-08-28 00:00:00</subfield>
    <subfield code="w">2014-08-28</subfield>
    <subfield code="y">EB</subfield>
  </datafield>
</record>
